ბათუმის შოთა რუსთაველის სახელმწიფო უნივერსიტეტის ბიბლიოთეკა

ოშკის ტაძარი : (ბიბ.ჩანაწერი № 59754)

000 -ლიდერი
ფიქსირებული სიგრძის საკონტროლო ველი 01471nam a22002417a 4500
003 - საკონტროლო ნომრის იდენტიფიკატორი
საკონტროლო ველი Ge_BSU
005 - ბოლო ოპერაციის თარიღი და დრო
საკონტროლო ველი 20230411100240.0
008 - ფიქსირებული სიგრძის მონაცემთა ელემენტები - ზოგადი ინფორმაცია
ფიქსირებული სიგრძის საკონტროლო ველი 230411s1991 ge ||||| |||| 00| 0 geo d
020 ## - წიგნის საერთაშორისო სტანდარტული ნომერი
International Standard Book Number 5520010854
041 ## - ენის კოდი
Language code of text/sound track or separate title geo
080 ## - უნივერსალური ათობითი კლასიფიკაციის ინდექსი
Universal Decimal Classification number 726:27-523.4(=353.1)(560) ჯ-63
100 ## - მთავარი ჩანაწერი - პიროვნების სახელი
Personal name ჯობაძე, ვახტანგ
9 (RLIN) 17596
245 ## - ცნობა სათაურის შესახებ
Title ოშკის ტაძარი :
Remainder of title (ორი წერილი ოშკის ტაძარზე) /
Statement of responsibility, etc ვახტანგ ჯობაძე; [რედ.: ნ. ალადაშვილი]; საქ. მეცნ. აკადემია. გ. ჩუბინიშვილის სახ. ქართ. ხელოვნ. ისტ. ინ-ტი.
264 ## - წარმოების, გამოცემის, დისტრიბუციის და სხვა ცნობები
გამოცემის, წარმოების, დისტრიბუციის... ადგილი თბილისი :
გამოცემის, წარმოების, დისტრიბუციის... სახელწოდება მეცნიერება,
გამოცემის, წარმოების, დისტრიბუციის... თარიღი 1991.
300 ## - ფიზიკური აღწერა
Extent 67გვ. ;
Other physical details 20სმ.
504 ## - BIBLIOGRAPHY, ETC. NOTE
Bibliography, etc ბიბლიოგრ. ტექსტ. შენიშვნ.
653 ## - INDEX TERM--UNCONTROLLED
Uncontrolled term ქართული ეკლესია-მონასტრები თურქეთში
653 ## - INDEX TERM--UNCONTROLLED
Uncontrolled term ქართული საეკლესიო არქიტექტურა
653 ## - INDEX TERM--UNCONTROLLED
Uncontrolled term ოშკის ტაძარი
700 ## - ADDED ENTRY--PERSONAL NAME
Personal name ალადაშვილი, ნ.
Relator term რედაქტორი
9 (RLIN) 17597
710 ## - ADDED ENTRY--CORPORATE NAME
Corporate name or jurisdiction name as entry element საქ. მეცნ. აკადემია
9 (RLIN) 17598
Relator term გ. ჩუბინიშვილის სახ. ქართ. ხელოვნ. ისტ. ინ-ტი.
942 ## - ADDED ENTRY ELEMENTS (KOHA)
Source of classification or shelving scheme
Koha item type წიგნი
ეგზემპლარები
ჩამოწერის სტატუსი დაკარგული ეგზემპლარის სტატუსი კლასიფიკაციის წყარო ან თაროზე გაწყობის სქემა დაზიანების სტატუსი არ გაიცემა მუდმივი მდებარეობა (დაცვის ადგილი) ამჟამინდელი ადგილსამყოფელი თაროზე განთავსების ადგილი შეძენის თარიღი ღირებულება, შესყიდვის ნორმალური ფასი სრული შენახვის შიფრი შტრიხკოდი ბოლო ოპერაციის თარიღი ეგზემპლარის მიმდევრობითი ნომერი (კეტერი?) Uniform Resource Identifier ფასის ძალაში შესვლის თარიღი ეგზემპლარის სახეობა საჯარო შენიშვნა
          ბათუმის შოთა რუსთაველის სახელმწიფო უნივერსიტეტის მთავარი ბიბლიოთეკა ბათუმის შოთა რუსთაველის სახელმწიფო უნივერსიტეტის მთავარი ბიბლიოთეკა წიგნსაცავი 2023-04-11 5.00 726:27-523.4(=353.1)(560) ჯ-63 64238 2023-04-11 64238 ბსუ-ს საპატიო დოქტორის გურამ ლორთქიფანიძის საჩუქარი 2023-04-11 წიგნი 5 ლ.